000 00716cab a2200265 4500
001 ABS59084
008 090401t1998 xxu||||| |||| 00| 0 eng d
035 _a(Sirsi) u87377
041 _aeng
100 _aPeel, R.
245 _aHow to...implement a local authority GIS
260 _c1998
350 _a0
490 _aMapping Awareness
_v12(6) July 1998, 38-41(4)
520 _aConsiders the implementation of digital mapping or a GIS and suggests some guidelines.
650 _aBS 7666
650 _aCAD SYSTEMS
650 _aDATA CAPTURE
650 _aDIGITAL MAPPING
650 _aGIS
650 _aLOCAL GOVERNMENT
690 _aMAPPING AND MEASUREMENT
942 _n0
948 _c13/07/1998
999 _c55102
_d55102